000 00707nam a22001817a 4500
003 UA-OsUOA
001 18182
007 ta
008 20040422b un ||||| |||| 00| 0 ukr d
100 _aБіліба В.
942 _cSA
040 _aUA-OsUOA
_cUA-OsUOA
_dUA-OsUOA
245 _aЄ конкуренція - є вибір
_b[Розмова з головою Рівнен. обл. територ. від-ня Антимонопол. комітету України В.Білібою про перспективи діяльності]
300 _aС.4
955 _a0
773 0 _w0
_tСім днів
_dРівне
_d2004
_g№14/ 2 квіт./
650 7 _aАнтимонопольний комітет
_2UDC
999 _c304352
_d304352